000 00766nam a2200265Ia 4500
005 20251020182534.0
008 200515s9999 xx 000 0 und d
082 _a72.015:728(85)/I59/16
245 0 _aPrevi : I-7
260 _aLima
260 _c1973
300 _aPrevi
500 _a1 ejemplar
520 _aEl sistema constructivo empleado puede clasificarse como "Convencional Racionalizado". En los muros se ha empleado albañilería armada en base a bloques de concreto modulado tipo Previ
650 _aBLOQUES DE CONCRETO
650 _aI-7
650 _aINDIA
650 _aLIB
650 _aPREVI
650 _aPUB ININVI
650 _aSISTEMAS CONSTRUCTIVOS
650 _aVIVIENDAS
650 _aVIVIENDAS DE BAJO COSTO
942 _cLIB
999 _c2178
_d2178